Souvlaki by Slowdive - Statistics

General Stats
  • This quiz has been taken 47 times
  • The average score is 7 of 10
Answer Stats
Hint Answer % Correct
Track 1 Alison
97%
Track 10 Dagger
94%
Track 7 When the Sun Hits
91%
Track 3 40 Days
85%
Track 6 Souvlaki Space Station
82%
Track 2 Machine Gun
79%
Track 5 Here She Comes
61%
Track 4 Sing
55%
Track 9 Melon Yellow
52%
Track 8 Altogether
48%
No matching quizzes found
Score Distribution
Percent of People with Each Score
Percentile by Number Answered
Your Score History
You have not taken this quiz